[Event "SK Münster 3 - SC Klein-Berlin Rheine 1"]
[Site "Regionalliga Münsterland 2018"]
[Date "2019.01.12"]
[Round "5.1"]
[White "Bruemmer, Frank"]
[Black "Quante, Lennart"]
[Result "1-0"]
[WhiteElo "2160"]
[BlackElo "2071"]
[PlyCount "79"]
[EventDate "2019.??.??"]
[SourceDate "2018.09.09"]

1. d4 Nf6 2. c4 g6 3. d5 b5 4. cxb5 a6 5. bxa6 Bxa6 6. Nc3 Bg7 7. g3 O-O 8. Bg2
d6 9. Nf3 Nbd7 10. Nd4 Nb6 11. O-O Qd7 12. Re1 Bb7 13. e4 Ba6 14. a4 e5 15. Nc2
Bc4 16. Ne3 Rfb8 17. b4 Ba6 18. b5 Bc8 19. Bd2 Qd8 20. h3 Nbd7 21. Nc4 Nc5 22.
Be3 Nfd7 23. Qc2 Nb6 24. Nd2 f5 25. a5 Nbd7 26. exf5 gxf5 27. Qxf5 Nf8 28. Qc2
Qf6 29. Bxc5 dxc5 30. d6 cxd6 31. Bxa8 Rxa8 32. Qe4 Ra7 33. b6 Rf7 34. Qg2 Bb7
35. Nde4 Qe7 36. a6 Bc6 37. b7 Qc7 38. Reb1 Nd7 39. a7 Bxb7 40. Rxb7 1-0

[Event "SK Münster 3 - SC Klein-Berlin Rheine 1"]
[Site "Regionalliga Münsterland 2018"]
[Date "2019.01.12"]
[Round "5.3"]
[White "Ottens, Stephan"]
[Black "Virnyi, Julius"]
[Result "1/2-1/2"]
[WhiteElo "2064"]
[BlackElo "2039"]
[PlyCount "45"]
[EventDate "2019.??.??"]
[SourceDate "2018.09.09"]

1. e4 c5 2. Nf3 d6 3. Bb5+ Bd7 4. Bxd7+ Qxd7 5. c4 Nf6 6. Nc3 g6 7. O-O Bg7 8.
d4 cxd4 9. Nxd4 O-O 10. f3 Rc8 11. b3 d5 12. exd5 Nxd5 13. Nxd5 e6 14. Be3 exd5
15. cxd5 Qxd5 16. Qd2 Nc6 17. Rad1 Nxd4 18. Bxd4 Qxd4+ 19. Qxd4 Bxd4+ 20. Rxd4
Rc2 21. Rf2 Rc1+ 22. Rf1 Rc2 23. Rf2 1/2-1/2

[Event "SK Münster 3 - SC Klein-Berlin Rheine 1"]
[Site "Regionalliga Münsterland 2018"]
[Date "2019.01.12"]
[Round "5.4"]
[White "Kubo, Thomas"]
[Black "Langhans, Joerg"]
[Result "1-0"]
[WhiteElo "1983"]
[BlackElo "1955"]
[PlyCount "71"]
[EventDate "2019.??.??"]
[SourceDate "2018.09.09"]

1. Nf3 Nf6 2. g3 d5 3. Bg2 Bf5 4. c4 c6 5. cxd5 cxd5 6. Qb3 Qb6 7. Nc3 Qxb3 8.
axb3 Nc6 9. d3 e5 10. O-O Bb4 11. Bg5 Bxc3 12. bxc3 Nd7 13. c4 dxc4 14. bxc4
O-O 15. Rfb1 Rfb8 16. Nh4 Be6 17. Rxb7 Rxb7 18. Bxc6 Rab8 19. Bxb7 Rxb7 20. Be3
f5 21. Bxa7 Rb2 22. Kf1 e4 23. Ng2 g5 24. Bd4 Rb3 25. dxe4 fxe4 26. Ne3 Nb8 27.
Ra8 Kf7 28. Ra7+ Kg6 29. Rc7 Nd7 30. c5 Rb4 31. Bc3 Rb1+ 32. Kg2 Rc1 33. c6 Nb8
34. Rg7+ Kh6 35. c7 Nd7 36. c8=Q 1-0

[Event "SK Münster 3 - SC Klein-Berlin Rheine 1"]
[Site "Regionalliga Münsterland 2018"]
[Date "2019.01.12"]
[Round "5.5"]
[White "Langhanke, Guenther"]
[Black "Austrup, David"]
[Result "1/2-1/2"]
[WhiteElo "1932"]
[BlackElo "1952"]
[PlyCount "76"]
[EventDate "2019.??.??"]
[SourceDate "2018.09.09"]

1. e4 c5 2. Nc3 d6 3. f4 Nc6 4. Nf3 g6 5. Bb5 Bd7 6. O-O Bg7 7. d3 Nf6 8. Ne2
O-O 9. c3 a6 10. Ba4 Rc8 11. Ng3 b5 12. Bc2 b4 13. Bd2 e6 14. a3 a5 15. axb4
axb4 16. Ra6 Nb8 17. Ra1 Qb6 18. Kh1 Nc6 19. Ba4 Ra8 20. Qe2 Nd4 21. cxd4 Bxa4
22. dxc5 dxc5 23. Be3 Bb5 24. Nd2 Nd7 25. Nc4 Bxc4 26. dxc4 Qc6 27. Qf2 Rxa1
28. Rxa1 Ra8 29. Rxa8+ Qxa8 30. e5 Qa1+ 31. Nf1 f6 32. Kg1 fxe5 33. Bxc5 Nxc5
34. Qxc5 exf4 35. Qc8+ Kf7 36. Qc7+ Kg8 37. Qc8+ Kf7 38. Qc7+ Kg8 1/2-1/2

[Event "SK Münster 3 - SC Klein-Berlin Rheine 1"]
[Site "Regionalliga Münsterland 2018"]
[Date "2019.01.12"]
[Round "5.6"]
[White "Hartmann, Steffen"]
[Black "Bruemmer, Andreas"]
[Result "1/2-1/2"]
[WhiteElo "1923"]
[BlackElo "1906"]
[PlyCount "114"]
[EventDate "2019.??.??"]
[SourceDate "2018.09.09"]

1. e4 c5 2. Nf3 Nc6 3. Bb5 g6 4. O-O Bg7 5. Bxc6 dxc6 6. h3 Nf6 7. d3 Nd7 8.
Nbd2 Qc7 9. a4 e5 10. a5 Nf8 11. Nc4 Ne6 12. Be3 Bd7 13. Qc1 Nd4 14. Nxd4 cxd4
15. Bh6 O-O 16. Bxg7 Kxg7 17. f4 exf4 18. Qxf4 Qxf4 19. Rxf4 f6 20. Re1 Be6 21.
Nd2 Rae8 22. e5 fxe5 23. Rxf8 Kxf8 24. Rxe5 Bd5 25. Rxe8+ Kxe8 26. c4 dxc3 27.
bxc3 c5 28. c4 Bc6 29. Nb3 b6 30. axb6 axb6 31. Kf2 Ke7 32. Nc1 Ke6 33. Ne2 Ke5
34. g3 Bd7 35. Ng1 Kd4 36. Ke2 Bf5 37. Kd2 Bxd3 38. Nf3+ Ke4 39. Ng5+ Kd4 40.
Nf3+ Ke4 41. Ng5+ Kd4 42. Nf3+ Kxc4 43. Ne5+ Kd4 44. Nxd3 g5 45. h4 gxh4 46.
gxh4 c4 47. Nb4 b5 48. Nc2+ Ke4 49. Kc3 Kf4 50. Na3 Kg4 51. Nxb5 Kxh4 52. Kxc4
Kg4 53. Kd3 Kg3 54. Nd4 h5 55. Ke3 h4 56. Nf5+ Kg4 57. Nxh4 Kxh4 1/2-1/2

[Event "SK Münster 3 - SC Klein-Berlin Rheine 1"]
[Site "Regionalliga Münsterland 2018"]
[Date "2019.01.12"]
[Round "5.7"]
[White "Ratert, Matthias"]
[Black "Kamp, Aaron"]
[Result "0-1"]
[WhiteElo "1878"]
[BlackElo "1794"]
[PlyCount "62"]
[EventDate "2019.??.??"]
[SourceDate "2018.09.09"]

1. e4 c5 2. c3 Nf6 3. e5 Nd5 4. Nf3 Nc6 5. Bc4 Nb6 6. Bb3 d6 7. d4 cxd4 8. cxd4
Bg4 9. Bxf7+ Kxf7 10. Ng5+ Ke8 11. Qxg4 dxe5 12. d5 Nxd5 13. O-O Nd4 14. Nc3
Nf6 15. Qg3 e6 16. Qd3 Qd7 17. f4 Bc5 18. Kh1 Ng4 19. Qg3 h5 20. fxe5 Nf5 21.
Qe1 h4 22. Bf4 Ng3+ 23. Bxg3 hxg3 24. Qxg3 Rxh2+ 25. Qxh2 Nxh2 26. Kxh2 Qd4 27.
Nf3 Qf4+ 28. g3 Qg4 29. Rae1 Ke7 30. Nh4 Rh8 31. Kg2 Rxh4 0-1

[Event "SK Münster 3 - SC Klein-Berlin Rheine 1"]
[Site "Regionalliga Münsterland 2018"]
[Date "2019.01.12"]
[Round "5.8"]
[White "Kamp, Adrian"]
[Black "Horstmann, Michael"]
[Result "1/2-1/2"]
[WhiteElo "1894"]
[BlackElo "1670"]
[PlyCount "115"]
[EventDate "2019.??.??"]
[SourceDate "2018.09.09"]

1. e4 d5 2. exd5 Qxd5 3. Nc3 Qa5 4. d4 Nf6 5. Nf3 Bf5 6. Bd3 Bxd3 7. Qxd3 c6 8.
O-O e6 9. Bf4 Be7 10. a3 O-O 11. b4 Qd8 12. Rad1 Nbd7 13. Rfe1 Nd5 14. Bg3 Nxc3
15. Qxc3 Nf6 16. Qb3 Rc8 17. Ne5 Nh5 18. c4 Nxg3 19. hxg3 Qc7 20. Rc1 Bf6 21.
Qb2 Rcd8 22. Qa1 Qb6 23. Red1 Bxe5 24. dxe5 Rxd1+ 25. Rxd1 a5 26. Qd4 Qa6 27.
Qc5 axb4 28. axb4 Qa4 29. Rd7 Qa1+ 30. Kh2 Qc1 31. Qe7 g6 32. Rxb7 Qxc4 33. f4
Qe2 34. Qd7 g5 35. Rc7 gxf4 36. gxf4 Qe4 37. Qxc6 Qxf4+ 38. Kh1 Qxb4 39. Qc1
Qh4+ 40. Kg1 Qd4+ 41. Kh1 Qxe5 42. Rc5 Qf6 43. Qc4 Rd8 44. Rc8 Rxc8 45. Qxc8+
Kg7 46. Kg1 h5 47. Qc5 e5 48. g3 Qf5 49. Kg2 Qg5 50. Kh3 Qg4+ 51. Kh2 f6 52.
Qe7+ Kg6 53. Qe8+ Kf5 54. Qf7 e4 55. Qd5+ Kg6 56. Qg8+ Kh6 57. Qh8+ Kg5 58.
Qg8+ 1/2-1/2

[Event "SG Ahaus-Wessum 1 - SC Steinfurt 1"]
[Site "Regionalliga Münsterland 2018"]
[Date "2019.01.12"]
[Round "5.1"]
[White "Haselhorst, Helmut"]
[Black "Wensing, Maximilian"]
[Result "0-1"]
[WhiteElo "2030"]
[BlackElo "2029"]
[PlyCount "82"]
[EventDate "2019.??.??"]
[SourceDate "2018.09.09"]

1. Nf3 Nf6 2. c4 g6 3. d4 Bg7 4. Nc3 d5 5. Bg5 Ne4 6. Bh4 c5 7. cxd5 Qa5 8. e3
cxd4 9. exd4 Nxc3 10. Qd2 O-O 11. bxc3 Qxd5 12. Be2 Nc6 13. Rd1 e5 14. c4 Qe4
15. d5 Nd4 16. Be7 Re8 17. Bc5 Bg4 18. Bxd4 exd4 19. Kf1 Rac8 20. Bd3 Qe7 21.
h3 Bxf3 22. gxf3 Qf6 23. Kg2 Re5 24. f4 Rh5 25. Rde1 Bh6 26. Re4 Rf5 27. Rhe1
Bxf4 28. Re8+ Rxe8 29. Rxe8+ Kg7 30. Qe2 Rg5+ 31. Kh1 Bd6 32. c5 Bxc5 33. Re4
Rxd5 34. f4 Rf5 35. Re5 Qc6+ 36. Be4 Rxe5 37. fxe5 Qe6 38. Qf3 Qxe5 39. Bxb7
Qe1+ 40. Kg2 d3 41. Qf1 Qe2+ 0-1

[Event "SG Ahaus-Wessum 1 - SC Steinfurt 1"]
[Site "Regionalliga Münsterland 2018"]
[Date "2019.01.12"]
[Round "5.2"]
[White "Schulze Ameling, Hendrik"]
[Black "Rieke, Theo"]
[Result "1-0"]
[WhiteElo "1983"]
[BlackElo "1953"]
[PlyCount "41"]
[EventDate "2019.??.??"]
[SourceDate "2018.09.09"]

1. d4 Nf6 2. c4 g6 3. Nc3 Bg7 4. e4 d6 5. Nf3 O-O 6. h3 e5 7. d5 a5 8. Bg5 Na6
9. Be2 h6 10. Be3 Nc5 11. Qc2 Ne8 12. Qd2 Kh7 13. g4 b6 14. h4 Nf6 15. Bxc5
bxc5 16. g5 Nh5 17. gxh6 Bxh6 18. Ng5+ Kg7 19. Bxh5 f6 20. Rg1 Rh8 21. Ne6+ 1-0

[Event "SG Ahaus-Wessum 1 - SC Steinfurt 1"]
[Site "Regionalliga Münsterland 2018"]
[Date "2019.01.12"]
[Round "5.3"]
[White "Graelken, Matthias"]
[Black "Rosing, Hermann"]
[Result "1-0"]
[WhiteElo "2023"]
[BlackElo "1991"]
[PlyCount "69"]
[EventDate "2019.??.??"]
[SourceDate "2018.09.09"]

1. g3 e5 2. c4 Nf6 3. Bg2 c6 4. d4 d6 5. dxe5 dxe5 6. Qxd8+ Kxd8 7. Nc3 Be6 8.
b3 Nbd7 9. Bb2 Bd6 10. Nf3 h6 11. O-O Kc7 12. Rac1 Rad8 13. Rfd1 Bc5 14. Na4 e4
15. Ne5 Be7 16. Nxd7 Rxd7 17. Rxd7+ Bxd7 18. Be5+ Kc8 19. Nc3 e3 20. fxe3 Re8
21. Bd4 b6 22. e4 c5 23. Be5 Ng4 24. Bf4 g5 25. Bd2 Ne5 26. Nd5 Bd8 27. Rf1 Be6
28. Bc3 Ng4 29. h3 Bxd5 30. cxd5 Ne3 31. Rxf7 Nxg2 32. Kxg2 Rxe4 33. Kf3 Re8
34. e4 h5 35. e5 1-0

[Event "SG Ahaus-Wessum 1 - SC Steinfurt 1"]
[Site "Regionalliga Münsterland 2018"]
[Date "2019.01.12"]
[Round "5.4"]
[White "Diehlmann, Christian"]
[Black "Arning, Marcus"]
[Result "1-0"]
[WhiteElo "1929"]
[BlackElo "1910"]
[PlyCount "65"]
[EventDate "2019.??.??"]
[SourceDate "2018.09.09"]

1. d4 d5 2. Nf3 e6 3. Bf4 Bd6 4. e3 Bxf4 5. exf4 Ne7 6. Bd3 c5 7. c3 cxd4 8.
Nxd4 Nbc6 9. Nf3 Qd6 10. g3 e5 11. fxe5 Nxe5 12. O-O Nxd3 13. Qxd3 O-O 14. Nbd2
Bf5 15. Qe3 Rfe8 16. Rfe1 Kf8 17. Nd4 Bg6 18. Qf3 Qb6 19. b4 a5 20. b5 Rac8 21.
Re3 Rxc3 22. Rxc3 Qxd4 23. Nb3 Qb6 24. Re1 d4 25. Rc4 d3 26. a4 Rd8 27. Qf4 Nd5
28. Qd4 Qd6 29. f3 b6 30. Nc1 Ne7 31. Qxd6 Rxd6 32. Nxd3 Bxd3 33. Rc7 1-0

[Event "SG Ahaus-Wessum 1 - SC Steinfurt 1"]
[Site "Regionalliga Münsterland 2018"]
[Date "2019.01.12"]
[Round "5.5"]
[White "Janning, Rainer"]
[Black "Winking, Hendrik"]
[Result "1/2-1/2"]
[WhiteElo "1876"]
[BlackElo "1927"]
[PlyCount "30"]
[EventDate "2019.??.??"]
[SourceDate "2018.09.09"]

1. f4 d5 2. e3 c5 3. Nf3 Nf6 4. b3 g6 5. Bb2 Bg7 6. Be2 O-O 7. O-O Bg4 8. Ne5
Bxe2 9. Qxe2 Nfd7 10. d4 Nc6 11. c3 cxd4 12. exd4 Ndxe5 13. fxe5 f6 14. exf6
exf6 15. Re1 Re8 1/2-1/2

[Event "SG Ahaus-Wessum 1 - SC Steinfurt 1"]
[Site "Regionalliga Münsterland 2018"]
[Date "2019.01.12"]
[Round "5.6"]
[White "Woltering, Martin"]
[Black "Schulz, Joachim"]
[Result "1/2-1/2"]
[WhiteElo "1818"]
[BlackElo "1886"]
[PlyCount "75"]
[EventDate "2019.??.??"]
[SourceDate "2018.09.09"]

1. e4 c5 2. Nc3 Nc6 3. f4 e6 4. Nf3 d5 5. Bb5 Nf6 6. Bxc6+ bxc6 7. e5 Nd7 8.
O-O Be7 9. d3 O-O 10. b3 f6 11. Qe1 f5 12. Kh1 Nb6 13. Ba3 d4 14. Nd1 Nd5 15.
Nd2 Ba6 16. Nc4 Bxc4 17. dxc4 Nb4 18. Bxb4 cxb4 19. Nb2 a5 20. Nd3 Kh8 21. Qe2
Rg8 22. Qf3 Qb6 23. Qh5 g6 24. Qf3 a4 25. g4 c5 26. g5 Ra7 27. h4 Rga8 28. Rf2
axb3 29. cxb3 Bf8 30. Kg1 Qb7 31. Qxb7 Rxb7 32. Rg2 Rba7 33. Rh2 Ra3 34. Rb2
Kg7 35. Kg2 Be7 36. Kh3 h6 37. Kg3 Rh8 38. Rh2 1/2-1/2

[Event "SG Ahaus-Wessum 1 - SC Steinfurt 1"]
[Site "Regionalliga Münsterland 2018"]
[Date "2019.01.12"]
[Round "5.7"]
[White "Wild, Helmut"]
[Black "Terdues, Guido"]
[Result "1/2-1/2"]
[WhiteElo "1819"]
[BlackElo "1754"]
[PlyCount "156"]
[EventDate "2019.??.??"]
[SourceDate "2018.09.09"]

1. c4 f5 2. Nc3 Nf6 3. g3 e6 4. Bg2 d5 5. cxd5 exd5 6. e3 c6 7. d3 Bd6 8. Nge2
Nbd7 9. O-O O-O 10. a3 a5 11. e4 dxe4 12. dxe4 Nc5 13. exf5 Bxf5 14. Be3 Qc7
15. Nd4 Bg4 16. Ndb5 cxb5 17. Nxb5 Bxd1 18. Nxc7 Be2 19. Bxc5 Bxc5 20. Rfc1 Bd4
21. Nxa8 Rxa8 22. Bxb7 Rf8 23. Rc2 Bh5 24. Kg2 Bg6 25. Rd2 Ba7 26. f3 Rb8 27.
Ba6 Be3 28. Re2 Bd4 29. a4 Bxb2 30. Ra2 Bc3 31. Bb5 Rd8 32. h4 Bb4 33. g4 Kf8
34. Re5 Nd5 35. h5 Nc3 36. hxg6 hxg6 37. Rc2 Kf7 38. g5 Rd4 39. Be8+ Kf8 40.
Bxg6 Rd8 41. Kh3 Nd5 42. Rf5+ Ke7 43. Rc6 Rh8+ 44. Kg4 Ne3+ 45. Kf4 Nxf5 46.
Bxf5 Bd6+ 47. Kg4 Rb8 48. Kh5 Rb3 49. Be4 Ra3 50. Rc4 Ra1 51. Kg6 Rg1 52. Bc6
Rg3 53. f4 Rg4 54. Re4+ Kd8 55. Kf5 Rh4 56. Be8 Bxf4 57. Rxf4 Rxf4+ 58. Kxf4
Kxe8 59. Kf5 Kf7 60. g6+ Ke7 61. Ke5 Kd7 62. Kd5 Ke7 63. Kc5 Kf6 64. Kb5 Kxg6
65. Kxa5 Kf5 66. Kb5 g5 67. a5 g4 68. a6 g3 69. a7 g2 70. a8=Q g1=Q 71. Qd5+
Kf4 72. Qf7+ Ke4 73. Qe6+ Kd3 74. Qc4+ Kd2 75. Qb4+ Kd3 76. Qa3+ Ke4 77. Qe7+
Kd3 78. Qa3+ Ke4 1/2-1/2

[Event "SG Ahaus-Wessum 1 - SC Steinfurt 1"]
[Site "Regionalliga Münsterland 2018"]
[Date "2019.01.12"]
[Round "5.8"]
[White "Mast, Holger"]
[Black "Yust, Evgeniy"]
[Result "0-1"]
[WhiteElo "1716"]
[BlackElo "1887"]
[PlyCount "120"]
[EventDate "2019.??.??"]
[SourceDate "2018.09.09"]

1. e4 g6 2. d4 Bg7 3. Nf3 Nf6 4. Nc3 d6 5. Bc4 O-O 6. Bf4 a6 7. a4 Nh5 8. Qd2
Nxf4 9. Qxf4 Nc6 10. Rd1 Nxd4 11. Nxd4 Bxd4 12. h4 Be5 13. Qe3 Be6 14. Bxe6
fxe6 15. Qh3 Rf6 16. h5 g5 17. Qg4 h6 18. g3 Bxc3+ 19. bxc3 e5 20. f4 exf4 21.
gxf4 Qc8 22. Qxc8+ Rxc8 23. fxg5 Rf4 24. Rd4 hxg5 25. Rg1 c5 26. Rxg5+ Kf7 27.
Rd3 Rxe4+ 28. Kd2 Rh8 29. Rf3+ Ke8 30. Rh3 Rh6 31. a5 Kd7 32. Kd3 Ree6 33. c4
Re1 34. Re3 Rd1+ 35. Ke2 Rd4 36. Rg7 Re6 37. h6 Rh4 38. h7 Rxe3+ 39. Kxe3 Ke6
40. Rg8 Rxh7 41. Rb8 Rh3+ 42. Ke4 Ra3 43. Rxb7 Rxa5 44. Ra7 Ra4 45. Kd3 Kf6 46.
Kc3 e6 47. Kb3 Rb4+ 48. Kc3 Rb6 49. Kd3 Ke5 50. Rc7 Rb1 51. Rc6 a5 52. Ra6 Ra1
53. Kc3 Ra4 54. Rc6 d5 55. Rxc5 Rxc4+ 56. Rxc4 dxc4 57. Kxc4 a4 58. c3 Ke4 59.
Kb4 Kd3 60. c4 a3 0-1

[Event "SC Rochade Emsdetten 1 - SF Olfen 1"]
[Site "Regionalliga Münsterland 2018"]
[Date "2019.01.12"]
[Round "5.1"]
[White "Koke, Christoph"]
[Black "Kabatianski, Alexander"]
[Result "1/2-1/2"]
[WhiteElo "2078"]
[BlackElo "2319"]
[PlyCount "107"]
[EventDate "2019.??.??"]
[SourceDate "2018.09.09"]

1. d4 Nf6 2. c4 e6 3. Nf3 b6 4. g3 Ba6 5. Qc2 d5 6. cxd5 exd5 7. Bf4 Bd6 8.
Bxd6 Qxd6 9. Bg2 O-O 10. O-O c5 11. Nc3 Nbd7 12. Qa4 Bb7 13. Rad1 c4 14. Nd2
Bc6 15. Qa6 Qc7 16. e4 Bb7 17. Qa4 dxe4 18. Nxc4 a6 19. Ne3 b5 20. Qb4 a5 21.
Qb3 b4 22. Na4 Rac8 23. Rfe1 g6 24. Bf1 Kg7 25. Rd2 h5 26. h4 Rfe8 27. Bh3 Ba6
28. Bf1 Qd6 29. Bxa6 Qxa6 30. Qd1 Qb5 31. Kg2 Nd5 32. Qb3 Nxe3+ 33. fxe3 Rc7
34. Rf2 Qc4 35. Qxc4 Rxc4 36. b3 Rc6 37. Ref1 f5 38. Rd2 Rec8 39. Kf2 Kf7 40.
Ke2 Ke7 41. Rfd1 Kf6 42. Kf2 Rg8 43. Nb2 Nb6 44. Nc4 Nd5 45. Nxa5 Ra6 46. Nb7
Rga8 47. Ra1 Nc3 48. Nc5 Rxa2 49. Raxa2 Rxa2 50. Rxa2 Nxa2 51. Na6 Nc1 52. Nxb4
Nxb3 53. Nd5+ Kg7 54. Nf4 1/2-1/2

[Event "SC Rochade Emsdetten 1 - SF Olfen 1"]
[Site "Regionalliga Münsterland 2018"]
[Date "2019.01.12"]
[Round "5.2"]
[White "De Groote, Ewoud"]
[Black "Boesel, Alexander"]
[Result "0-1"]
[WhiteElo "2212"]
[BlackElo "2040"]
[PlyCount "102"]
[EventDate "2019.??.??"]
[SourceDate "2018.09.09"]

1. e4 c5 2. Nf3 d6 3. d4 cxd4 4. Nxd4 Nf6 5. Nc3 g6 6. Be3 Bg7 7. Be2 O-O 8. h4
h5 9. Qd2 Nc6 10. O-O-O Nxd4 11. Bxd4 Be6 12. Kb1 Qc7 13. f3 Rfc8 14. a3 Qa5
15. g4 hxg4 16. h5 gxh5 17. fxg4 hxg4 18. Bxf6 Bxf6 19. Nd5 Qxd2 20. Nxf6+ exf6
21. Rxd2 Kf8 22. Rg1 Ke7 23. Bxg4 Rg8 24. Rdg2 Bxg4 25. Rxg4 Rxg4 26. Rxg4 Rc8
27. b3 Ke6 28. Kc1 f5 29. exf5+ Kxf5 30. Rb4 Rc7 31. Kd2 Ke6 32. Kd3 f5 33. Rh4
Ke5 34. Rh2 Rf7 35. c4 Kf4 36. Rh6 Kf3 37. b4 f4 38. Rxd6 Kg2 39. Rg6+ Kf1 40.
c5 f3 41. c6 bxc6 42. Rxc6 f2 43. a4 Kg2 44. Rc2 Kg1 45. Rc1+ f1=Q+ 46. Rxf1+
Kxf1 47. Kc4 Ke2 48. Kc5 Kd3 49. b5 Rf4 50. a5 Ra4 51. a6 Ra5 0-1

[Event "SC Rochade Emsdetten 1 - SF Olfen 1"]
[Site "Regionalliga Münsterland 2018"]
[Date "2019.01.12"]
[Round "5.3"]
[White "Grawunder, Juergen"]
[Black "Lehmann, Holger"]
[Result "0-1"]
[WhiteElo "1928"]
[BlackElo "2132"]
[PlyCount "88"]
[EventDate "2019.??.??"]
[SourceDate "2018.09.09"]

1. e4 d6 2. Nf3 e5 3. d3 Be7 4. Be2 Nf6 5. O-O O-O 6. c4 Re8 7. Nc3 c6 8. Qc2
Bf8 9. Bg5 h6 10. Bh4 Nbd7 11. Rae1 Qc7 12. Bd1 g6 13. h3 Bg7 14. b4 a5 15. b5
Nc5 16. a4 Nh5 17. Nh2 Nf4 18. Re3 Nce6 19. Bg3 Rf8 20. Nf3 f5 21. Bh2 fxe4 22.
dxe4 Nd4 23. Nxd4 exd4 24. Bxf4 Rxf4 25. Ne2 Rxf2 26. Rxf2 dxe3 27. Rf3 cxb5
28. cxb5 Qxc2 29. Bxc2 Be6 30. Rxe3 Rc8 31. Bb3 Bxb3 32. Rxb3 Rc4 33. Nf4 Rxe4
34. Rf3 Rxa4 35. Nxg6 Re4 36. g4 a4 37. Nh4 Rb4 38. Nf5 Rxb5 39. Nxd6 Rb3 40.
Rf5 a3 41. Ra5 Rb1+ 42. Kg2 Rb2+ 43. Kf3 a2 44. Nxb7 a1=Q 0-1

[Event "SC Rochade Emsdetten 1 - SF Olfen 1"]
[Site "Regionalliga Münsterland 2018"]
[Date "2019.01.12"]
[Round "5.4"]
[White "Paalman, Henk Jan"]
[Black "Beutelhoff, Josef"]
[Result "1/2-1/2"]
[WhiteElo "2159"]
[BlackElo "1971"]
[PlyCount "75"]
[EventDate "2019.??.??"]
[SourceDate "2018.09.09"]

1. d4 Nf6 2. Nf3 g6 3. c4 Bg7 4. Nc3 d6 5. e4 Nbd7 6. Bg5 c6 7. Be2 a6 8. a4 a5
9. h3 Qc7 10. Qc2 e5 11. d5 Nh5 12. g3 Nc5 13. Nd2 Nf6 14. O-O-O Na6 15. Kb1
Nb4 16. Qc1 Ng8 17. g4 f6 18. Be3 c5 19. Nb5 Qe7 20. Nf1 f5 21. Bxc5 dxc5 22.
d6 Qd7 23. Nc7+ Kd8 24. Nxa8 Qxa4 25. Qc3 Qa2+ 26. Kc1 Bh6+ 27. Ne3 f4 28. Qa3
fxe3 29. Qxa2 Nxa2+ 30. Kb1 Nb4 31. g5 Bxg5 32. d7 Bxd7 33. Nb6 Nf6 34. Nxd7
Nxd7 35. Bg4 h5 36. Bxd7 exf2 37. Bf5+ Kc7 38. Rd7+ 1/2-1/2

[Event "SC Rochade Emsdetten 1 - SF Olfen 1"]
[Site "Regionalliga Münsterland 2018"]
[Date "2019.01.12"]
[Round "5.5"]
[White "Preuss, Richard"]
[Black "Ortmeier, Leonhard"]
[Result "0-1"]
[WhiteElo "1764"]
[BlackElo "2099"]
[PlyCount "62"]
[EventDate "2019.??.??"]
[SourceDate "2018.09.09"]

1. e4 c5 2. Nf3 d6 3. d4 cxd4 4. Nxd4 Nf6 5. Nc3 a6 6. Bg5 Nbd7 7. Be2 e6 8.
Qd2 Be7 9. O-O Qc7 10. Kh1 b5 11. a3 Bb7 12. f3 h6 13. Bxf6 Nxf6 14. a4 b4 15.
Na2 d5 16. exd5 Nxd5 17. c3 Bg5 18. Qd3 Rd8 19. Rfe1 O-O 20. Qc4 Qxc4 21. Bxc4
bxc3 22. Nxc3 Ne3 23. Nxe6 fxe6 24. Bxe6+ Kh8 25. Re2 Nd5 26. Ne4 Rfe8 27. Nxg5
hxg5 28. Bxd5 Bxd5 29. Rd2 Bb3 30. Rxd8 Rxd8 31. a5 Rd2 0-1

[Event "SC Rochade Emsdetten 1 - SF Olfen 1"]
[Site "Regionalliga Münsterland 2018"]
[Date "2019.01.12"]
[Round "5.6"]
[White "Mueller, Achim"]
[Black "Boenigk, Winfried"]
[Result "1/2-1/2"]
[WhiteElo "2026"]
[BlackElo "1765"]
[PlyCount "56"]
[EventDate "2019.??.??"]
[SourceDate "2018.09.09"]

1. e4 d6 2. d4 Nf6 3. Nc3 g6 4. f4 Bg7 5. Nf3 c5 6. dxc5 Qa5 7. Bb5+ Bd7 8. Bd3
Qxc5 9. Qe2 Nc6 10. Be3 Qa5 11. h3 O-O 12. O-O a6 13. Qf2 Qd8 14. Bb6 Qc8 15.
Rad1 Nb4 16. e5 dxe5 17. fxe5 Nfd5 18. Nxd5 Nxd5 19. Bd4 Nf4 20. Qh4 Nxd3 21.
Rxd3 Bb5 22. Rc3 Qd7 23. Rf2 h6 24. Be3 h5 25. Bg5 f6 26. Be3 fxe5 27. Rd2 Qf5
28. Rf2 Qd7 1/2-1/2

[Event "SC Rochade Emsdetten 1 - SF Olfen 1"]
[Site "Regionalliga Münsterland 2018"]
[Date "2019.01.12"]
[Round "5.7"]
[White "Limberg, Thomas"]
[Black "Hiller, Simon"]
[Result "0-1"]
[WhiteElo "1626"]
[BlackElo "2139"]
[PlyCount "48"]
[EventDate "2019.??.??"]
[SourceDate "2018.09.09"]

1. d4 d5 2. c4 e6 3. Nf3 c6 4. e3 Nf6 5. Nc3 Nbd7 6. Bd2 Bd6 7. Bd3 dxc4 8.
Bxc4 b5 9. Bd3 Bb7 10. Rc1 e5 11. Ne4 Nxe4 12. Bxe4 Rc8 13. a3 Qe7 14. Bc3 O-O
15. O-O f5 16. dxe5 Nxe5 17. Nxe5 fxe4 18. Qh5 Rce8 19. Ng4 Bc8 20. f4 Rf5 21.
Qh3 h5 22. Bf6 Qf7 23. Nh6+ gxh6 24. Qg3+ Kh7 0-1

[Event "SC Rochade Emsdetten 1 - SF Olfen 1"]
[Site "Regionalliga Münsterland 2018"]
[Date "2019.01.12"]
[Round "5.8"]
[White "Lemli, Thomas"]
[Black "Heimann, Karsten"]
[Result "1-0"]
[WhiteElo "1979"]
[BlackElo "1653"]
[PlyCount "63"]
[EventDate "2019.??.??"]
[SourceDate "2018.09.09"]

1. Nf3 d5 2. d4 Nf6 3. c4 e6 4. g3 c6 5. Bg2 Bd6 6. Nbd2 Nbd7 7. O-O e5 8. cxd5
cxd5 9. dxe5 Nxe5 10. Nxe5 Bxe5 11. Nf3 Bd6 12. Bf4 O-O 13. Bxd6 Qxd6 14. Qb3
Qe7 15. Nd4 Rd8 16. Rfd1 a6 17. Rac1 Be6 18. Qb6 Rd6 19. Qb4 Rad8 20. Rd3 Qd7
21. Rdc3 Ne8 22. a4 Bg4 23. Rc5 Be6 24. e3 Qe7 25. R5c2 R6d7 26. Qxe7 Rxe7 27.
Rc5 g6 28. a5 Nf6 29. h3 Ree8 30. Rc7 Rc8 31. Nxe6 fxe6 32. Rxc8 1-0

[Event "SG Turm Raesfeld/Erle 1 - SC Gronau 1"]
[Site "Regionalliga Münsterland 2018"]
[Date "2019.01.12"]
[Round "5.1"]
[White "Buendgen, Achim"]
[Black "Wilger, Frank"]
[Result "1/2-1/2"]
[WhiteElo "2114"]
[BlackElo "2076"]
[PlyCount "97"]
[EventDate "2019.??.??"]
[SourceDate "2018.09.09"]

1. e4 c5 2. b3 Nc6 3. Bb2 Nf6 4. e5 Nd5 5. Nf3 b6 6. Bc4 e6 7. Nc3 Nxc3 8. Bxc3
Be7 9. Qe2 O-O 10. Qe4 d5 11. exd6 Qxd6 12. h4 Bd7 13. Ng5 f5 14. Qe2 Bxg5 15.
hxg5 g6 16. O-O-O Nd4 17. Bxd4 cxd4 18. Rde1 Rfe8 19. Qe5 Qxe5 20. Rxe5 Rad8
21. Rhe1 Kf7 22. f4 Bc8 23. g4 fxg4 24. Rg1 h5 25. gxh6 Rh8 26. Rh1 Rh7 27. Rg5
Rdh8 28. Rg1 Rxh6 29. R1xg4 Kf6 30. Bd3 Rg8 31. Kb2 Rg7 32. b4 Bd7 33. Kb3 Be8
34. Kc4 Rd7 35. Kb3 Bf7 36. Kb2 Rd8 37. a4 Rd7 38. Bc4 Rh2 39. Rg2 Rxg2 40.
Rxg2 Kf5 41. Bd3+ Kxf4 42. Bxg6 Bxg6 43. Rxg6 e5 44. d3 e4 45. dxe4 Kxe4 46.
Kb3 Rc7 47. Rg4+ Kd5 48. Rg3 Ke4 49. Rg4+ 1/2-1/2